Who made that Song Quiz #2 - Statistics

General Stats
  • This quiz has been taken 21 times
  • The average score is 4 of 13
Answer Stats
Song Artist % Correct
Sorry Justin Bieber
71%
Gods Plan Drake
67%
Havana Camilla Cabello
62%
Girls Like you Maroon 5
52%
Just Dance Lady Gaga
48%
Evermore Taylor Swift
29%
Coco Butter Kisses Chance the Rapper
10%
All I want Olivia Rodriguez
10%
Apparently J. Cole
5%
Before you Go Lewis Calpaldi
5%
Liability Lorde
5%
Doubt Twenty One Pilots
5%
Outside Zayn
0%
No matching quizzes found
Score Distribution
Percent of People with Each Score
Percentile by Number Answered
Your Score History
You have not taken this quiz